LDR 00746naa#a2200181#i#450# 001 EN\\bibl\122064 005 20260607164404.7 011 ## _a1998-6785 100 ## _a20230621b2023####ek#y0engy0150####ca 102 ## _aRU 200 1# _aSoft power of state cultural funds: British Council, Confucius Institute, Russian World _eJournal article 210 1# _aVladivostok _cVladivostok State University _d2023 215 ## _a11 с. 608 ## _aJournal article _2local 675 ## _aМоральные отношения между народами. Международная этика. Война и мир. Пацифизм. Интернационализм. 172.4 _z 700 #1 _aKushchakovskii _gSergej M. 700 #1 _aPchelkina _gSvetlana Yu. 856 4# _aojkum.editorum.ru _u